Heat transfer: principles and applications (Record no. 141159)

MARC details
000 -LEADER
fixed length control field 00382nam a2200145Ia 4500
008 - FIXED-LENGTH DATA ELEMENTS--GENERAL INFORMATION
fixed length control field 230917s9999||||xx |||||||||||||| ||und||
040 ## - CATALOGING SOURCE
-- 115097
Original cataloging agency VIVEKANANDA LIBRARY
041 ## - Language
-- English
082 ## - DDC NUMBER
Classification number 621.4022 D954H
100 ## - MAIN ENTRY--PERSONAL NAME
Personal name Dutta, Binay K.
245 #0 - TITLE STATEMENT
Title Heat transfer: principles and applications
260 ## - PUBLICATION, DISTRIBUTION, ETC. (IMPRINT)
Place of publication, distribution, etc New Delhi
Name of publisher, distributor, etc Printice Hall
Date of publication, distribution, etc 2006
300 ## - PHYSICAL DESCRIPTION
Pages xviii, 525p p.
942 ## - ADDED ENTRY ELEMENTS (KOHA)
Koha item type Books
Holdings
Withdrawn status Lost status Damaged status Not for loan Location (home branch) Sublocation or collection (holding branch) Shelving location Date acquired Koha issues (times borrowed) Koha full call number Accession No. Koha date last seen Koha item type
        VIVEKANANDA LIBRARY VIVEKANANDA LIBRARY UIET Library 27/04/2008 1 621.4022 D954H 246276 21/05/2024 Books
        VIVEKANANDA LIBRARY VIVEKANANDA LIBRARY UIET Library 27/04/2008 2 621.4022 D954H 246277 23/05/2025 Books
        VIVEKANANDA LIBRARY VIVEKANANDA LIBRARY UIET Library 27/04/2008 1 621.4022 D954H 246278 08/05/2024 Books
        VIVEKANANDA LIBRARY VIVEKANANDA LIBRARY UIET Library 27/04/2008 3 621.4022 D954H 246279 14/02/2026 Books
        VIVEKANANDA LIBRARY VIVEKANANDA LIBRARY UIET Library 27/04/2008 1 621.4022 D954H 246280 25/04/2024 Books
© Designed and Maintained by Vivekananda Library, MDU Rohtak